| 000 | 00399nam a2200157Ia 4500 | ||
|---|---|---|---|
| 008 | 231221s9999 xx 000 0 und d | ||
| 020 | _a81-7169-309-1 | ||
| 041 | _aEnglish | ||
| 082 | _a374.4 SHA;1 R | ||
| 100 | _aSharma B M .ed. | ||
| 245 | 0 | _aDistance education | |
| 260 |
_c2004 _bCommonwealth Publishers _aNew Delhi |
||
| 300 | _aviii+463 | ||
| 650 | _aDistance,education | ||
| 942 | _cED | ||
| 999 |
_c207045 _d207045 |
||